Beginner's guide to darkroom techniques / (Record no. 134438)
[ view plain ]
| 000 -LEADER | |
|---|---|
| fixed length control field | 00665nam a22002177a 4500 |
| 005 - DATE AND TIME OF LATEST TRANSACTION | |
| control field | 20170124110226.0 |
| 010 ## - LIBRARY OF CONGRESS CONTROL NUMBER | |
| LC control number | 916982 |
| 020 ## - INTERNATIONAL STANDARD BOOK NUMBER | |
| Terms of availability | 00.00 |
| International Standard Book Number | 0709165358 |
| 035 ## - SYSTEM CONTROL NUMBER | |
| System control number | 916982 |
| 037 ## - SOURCE OF ACQUISITION | |
| Source of stock number/acquisition | Cen Lib/Ret |
| 040 ## - CATALOGING SOURCE | |
| Original cataloging agency | DPL |
| Language of cataloging | EN |
| 082 ## - DEWEY DECIMAL CLASSIFICATION NUMBER | |
| Classification number | 770.2 |
| Item number | HAT |
| 100 ## - MAIN ENTRY--PERSONAL NAME | |
| Personal name | Hattersley, Ralph |
| 9 (RLIN) | 40728 |
| 245 ## - TITLE STATEMENT | |
| Title | Beginner's guide to darkroom techniques / |
| Statement of responsibility, etc | by Ralph Hattersley |
| 260 ## - PUBLICATION, DISTRIBUTION, ETC. (IMPRINT) | |
| Name of publisher, distributor, etc | Robert Hale |
| Place of publication, distribution, etc | London |
| Date of publication, distribution, etc | 1978 |
| 270 ## - ADDRESS | |
| City | London |
| Address | Clerkenwell House, Clerkenwell Green |
| 300 ## - PHYSICAL DESCRIPTION | |
| Extent | 160p. : |
| Dimensions | 25cm(Hb) |
| Other physical details | ill. |
| 650 ## - SUBJECT ADDED ENTRY--TOPICAL TERM | |
| Topical term or geographic name as entry element | Photography--Processing |
| 9 (RLIN) | 40729 |
| 650 ## - SUBJECT ADDED ENTRY--TOPICAL TERM | |
| Topical term or geographic name as entry element | Color photography--Processing |
| 9 (RLIN) | 40730 |
| 942 ## - ADDED ENTRY ELEMENTS (KOHA) | |
| Source of classification or shelving scheme | Dewey Decimal Classification |
| Koha item type | English Books |
| Classification part | 770.2 |
| Call number suffix | HAT |
| Withdrawn status | Lost status | Damaged status | Not for loan | Collection code | Home library | Current library | Date acquired | Source of acquisition | Cost, normal purchase price | Total Checkouts | Full call number | Barcode | Date last seen | Copy number | Cost, replacement price | Price effective from | Koha item type |
|---|---|---|---|---|---|---|---|---|---|---|---|---|---|---|---|---|---|
| Not For Loan | Reference | Central Library | Central Library | 30/07/2015 | Cen Lib/Ret | 0.00 | 770.2 HAT | 916982 | 30/07/2015 | 1 | 0.00 | 30/07/2015 | English Books |
